Country by Continent/Beginning Letter -Europe - Statistics

General Stats
  • This quiz has been taken 75 times
  • The average score is 16 of 17
Answer Stats
Answer % Correct
A Albania, Andorra, Austria
100%
B Belarus, Belgium, Bosnia and Herzegovina, Bulgaria
98%
C Croatia, Cyprus, Czech Republic
96%
D Denmark
96%
F Finland, France
96%
G Germany, Greece
96%
I Iceland, Ireland, Italy
96%
L Latvia, Liechtenstein, Lithuania, Luxembourg
96%
M Malta, Moldova, Monaco, Montenegro
96%
P Poland, Portugal
96%
R Romania, Russia
96%
S San Marino, Serbia, Slovakia, Slovenia, Spain, Sweden, Switzerland
96%
N Netherlands, North Macedonia, Norway
93%
E Estonia
91%
U Ukraine, United Kingdom
91%
V Vatican City
91%
T Turkiye
54%
No matching quizzes found
Score Distribution
Percent of People with Each Score
Percentile by Number Answered
Your Score History
You have not taken this quiz